• 首页
  • 本馆介绍
  • 公告通知
  • 最新文献
  • 馆藏检索
  • 电子资源
  • 读者导购
  • 参考咨询
  • 我的图书馆
  • 登录
  • 详细信息显示
  • 放入我的书架
  • 预约/预借图书
  • 作者相关作品
  • 分类相关作品
  • 丛书相关作品
  • 出版社相关作品

书目信息

  • 表格格式
  • 工作单格式
  • 卡片格式
题名:
中国哲学的丰富性再现
    
 
作者: 吴震 , 申绪璐, 主编
分册:  
出版信息: 上海   上海古籍出版社  2021.11
页数: 412页
开本: 21cm
丛书名: 复旦哲学·中国哲学丛书
单 册:
中图分类: B2 , B313.5
科图分类:
主题词: 哲学--zhe xue--研究--中国
电子资源:
ISBN: 978-7-5732-0114-0
000 01733nam 2200337 450
001 CAL 0120217330508
005 20230217093112.0
010    @a978-7-5732-0114-0@dCNY58.00
100    @a20220107d2021 em y0chiy0120 ea
101 0  @achi
102    @aCN@b310000
105    @ay a 000yd
106    @ar
200 1  @a中国哲学的丰富性再现@Azhong guo zhe xue de feng fu xing zai xian@e荒木见悟与近世中国思想论集@f吴震, 申绪璐主编
210    @a上海@c上海古籍出版社@d2021.11
215    @a412页@d21cm
225 2  @a复旦哲学·中国哲学丛书@Afu dan zhe xue · zhong guo zhe xue cong shu
300    @a世纪出版 复旦大学哲学学院资助成果
314    @a吴震, 男, 复旦大学哲学学院教授、博士生导师。申绪路, 男, 1982年生, 河南新乡人。郑州大学哲学系本科, 复旦大学中国哲学硕士、博士, 博士期间赴日本九州大学中国哲学史研究室访问学习。
320    @a有书目
330    @a本书由荒木见悟的思想及其生平、荒木见悟的中日思想研究、荒木见悟的明代佛学研究三部分组成, 具体内容包括: 荒木见悟先生的哲学研究特色 —— 以岛田虔次先生的思想史研究为对比吉田公平 ; 作为哲学方法论的“本来性一现实性” —— 就荒木见悟《佛教与儒教》而谈 ; “本来性与现实性”小论 ; 日本九州学派的成立与展开 ; 荒木见悟博士福冈学艺大学在职时代的研究 ; 荒木见悟与日本思想史研究 ; 我的回忆 —— 荒木见悟《朱子学的哲学特色》与江户思想史研究等。
410  0 @12001 @a复旦哲学·中国哲学丛书
517 1  @a荒木见悟与近世中国思想论集@Ahuang mu jian wu yu jin shi zhong guo si xiang lun ji
600  0 @a荒木见悟,@Ahuang mu jian wu@f1917-2017@x思想评论
606 0  @a哲学@Azhe xue@x研究@y中国
690    @aB2@v5
690    @aB313.5@v5
701  0 @a吴震@Awu zhen@4主编
701  0 @a申绪璐,@Ashen xu lu@f1982-@4主编
801  0 @aCN@bBJXHZP@c20230228
905    @b1407365-8@dB2@e246@f4
    
    中国哲学的丰富性再现:荒木见悟与近世中国思想论集/吴震, 申绪璐主编.-上海:上海古籍出版社,2021.11
    412页;21cm.-(复旦哲学·中国哲学丛书)
    世纪出版 复旦大学哲学学院资助成果
    
    ISBN 978-7-5732-0114-0:CNY58.00
    本书由荒木见悟的思想及其生平、荒木见悟的中日思想研究、荒木见悟的明代佛学研究三部分组成, 具体内容包括: 荒木见悟先生的哲学研究特色 —— 以岛田虔次先生的思想史研究为对比吉田公平 ; 作为哲学方法论的“本来性一现实性” —— 就荒木见悟《佛教与儒教》而谈 ; “本来性与现实性”小论 ; 日本九州学派的成立与展开 ; 荒木见悟博士福冈学艺大学在职时代的研究 ; 荒木见悟与日本思想史研究 ; 我的回忆 —— 荒木见悟《朱子学的哲学特色》与江户思想史研究等。
●
相关链接 在E读中查询图书 在五车中查询图书 在当当中查询图书 在豆瓣中查询图书


正题名:中国哲学的丰富性再现     索取号:B2/246         预约/预借

序号 登录号 条形码 馆藏地/架位号 状态 备注
1 1407365   214073651   第一样本阅览室/ [索取号:B2/246] 在馆    
2 1407366   214073660   第一借阅区/ [索取号:B2/246] 在馆    
3 1407367   214073679   第一借阅区/ [索取号:B2/246] 在馆    
4 1407368   214073688   第一借阅区/ [索取号:B2/246] 在馆    
唐山师范学院图书馆 欢迎您!
大连网信软件有限公司© 版权所有